00000000cam 2200000zi 4500
0019.958153
003CaOODSP
00520251211100628
006m     o  d f      
007cr |n|||||||||
008251210s1928    nscda   o    f|0| 0 eng d
040 |aCaOODSP|beng|erda|cCaOODSP
043 |an-cn---
0861 |aFs52-5/23-1928E-PDF
1001 |aRoss, R. F., |eauthor.
24512|aA preliminary study of the shrinkage of crustacean and fish muscle when exposed to changes in salt concentration and temperature / |cR.F. Ross.
264 1|aHalifax : |bBiological Board of Canada, |c1928.
300 |a1 online resource (29 pages) : |bcharts, illustrations.
336 |atext|btxt|2rdacontent
337 |acomputer|bc|2rdamedia
338 |aonline resource|bcr|2rdacarrier
4901 |aManuscript reports of the experimental stations ; |vno. 23
500 |aDigitized edition from print [produced by Department of Fisheries and Oceans].
520 |a"Our problem was to (1) Find a method of measuring the shrinkage (2) Discover the nature of the changes taking place in the tissues (3) Measure the effect of various factors and changes in the environment on the shrinkage of fish muscle"--page 1.
650 0|aSalted fish|xExperiments.
650 0|aCanned fish|xExperiments.
650 0|aCanned lobsters|xExperiments.
650 6|aPoisson salé|xExpériences.
650 6|aPoisson en conserve|xExpériences.
650 6|aHomard en conserve|xExpériences.
7102 |aBiological Board of Canada, |eissuing body.
830#0|aManuscript reports of the experimental stations ;|vno. 23.|w(CaOODSP)9.948621
85640|qPDF|s12.20 MB|uhttps://publications.gc.ca/collections/collection_2025/mpo-dfo/fs52-5/Fs52-5-23-1928-eng.pdf